000 00823nam a2200253Ia 4500
003 OSt
005 20220918171253.0
006 a|||||r|||| 00| 0
007 ta
008 220917b |||||||| |||| 00| 0 eng d
020 _a9781446273418 (pbk)
_c2138.30
024 _a289,808
037 _b2539, 18/03/2016, Govinda Book House
_cTextual
040 _aARTS
_cARTS
_beng
041 _2eng
_aeng
082 _aD65,8(B), Q5
100 _aKent Raymond
_935232
245 0 _aAnalysing quantitative data
_b Variable - based and case - based approaches to non - experimental datasets
260 _aLondon
_bSage UK
_c2015
300 _axxii, 349p.
_ccm.
650 _aENGINEERING
_92968
942 _hD65,8(B), Q5
_cTEXL
_2CC
999 _c138677
_d138677